000 00298nam a22001217a 4500
005 20250911124737.0
008 250911b |||||||| |||| 00| 0 eng d
041 _aeng
245 _aPHYSICS: COMPUTER & ELECTRONICS BRANCH -I SEM
260 _aPATNA
_bADITYA PRAKASHAN
300 _a222;P
942 _cBK
999 _c8824
_d8822